<?xml version="1.0" encoding="UTF-8"?>
<record
    xmlns:xsi="http://www.w3.org/2001/XMLSchema-instance"
    xsi:schemaLocation="http://www.loc.gov/MARC21/slim http://www.loc.gov/standards/marcxml/schema/MARC21slim.xsd"
    xmlns="http://www.loc.gov/MARC21/slim">

  <leader>02136nam a2200361 a 4500</leader>
  <controlfield tag="001">58360</controlfield>
  <controlfield tag="003">BD-RjUL</controlfield>
  <controlfield tag="005">20211209080619.0</controlfield>
  <controlfield tag="008">161218s1999    ii       b    001 0 eng  </controlfield>
  <datafield tag="020" ind1=" " ind2=" ">
    <subfield code="a">0761993452 (US hb)</subfield>
  </datafield>
  <datafield tag="020" ind1=" " ind2=" ">
    <subfield code="a">8170368103 (India hb)</subfield>
  </datafield>
  <datafield tag="020" ind1=" " ind2=" ">
    <subfield code="a">0761993460 (p)</subfield>
  </datafield>
  <datafield tag="035" ind1=" " ind2=" ">
    <subfield code="a">(BD-RjUL)58484</subfield>
  </datafield>
  <datafield tag="035" ind1=" " ind2=" ">
    <subfield code="a">(OCoLC)40891128</subfield>
  </datafield>
  <datafield tag="035" ind1=" " ind2=" ">
    <subfield code="a">(OCoLC)42658958</subfield>
  </datafield>
  <datafield tag="040" ind1=" " ind2=" ">
    <subfield code="a">DLC</subfield>
    <subfield code="c">DLC</subfield>
    <subfield code="d">UKM</subfield>
    <subfield code="d">C#P</subfield>
    <subfield code="d">MYG</subfield>
    <subfield code="d">OrLoB-B</subfield>
    <subfield code="b">eng</subfield>
  </datafield>
  <datafield tag="041" ind1=" " ind2=" ">
    <subfield code="a">eng</subfield>
  </datafield>
  <datafield tag="082" ind1="0" ind2="0">
    <subfield code="a">332.710954</subfield>
    <subfield code="2">23</subfield>
    <subfield code="b">KAR 1999</subfield>
  </datafield>
  <datafield tag="100" ind1="1" ind2=" ">
    <subfield code="a">Karmakar, K. G.,</subfield>
    <subfield code="d">1952-</subfield>
    <subfield code="9">173332</subfield>
  </datafield>
  <datafield tag="245" ind1="1" ind2="0">
    <subfield code="a">Rural credit and self-help groups :</subfield>
    <subfield code="b">micro-finance needs and concepts in India /</subfield>
    <subfield code="c">K.G. Karmakar.</subfield>
  </datafield>
  <datafield tag="260" ind1=" " ind2=" ">
    <subfield code="a">New Delhi ;</subfield>
    <subfield code="a">Thousand Oaks :</subfield>
    <subfield code="b">Sage Publications,</subfield>
    <subfield code="c">1999.</subfield>
  </datafield>
  <datafield tag="300" ind1=" " ind2=" ">
    <subfield code="a">374 p. ;</subfield>
    <subfield code="c">23 cm.</subfield>
  </datafield>
  <datafield tag="504" ind1=" " ind2=" ">
    <subfield code="a">Includes bibliographical references and index.</subfield>
  </datafield>
  <datafield tag="505" ind1="0" ind2="0">
    <subfield code="t">Foreword /</subfield>
    <subfield code="t">Rural Credit: Problems and Prospects.</subfield>
    <subfield code="t">Introduction.</subfield>
    <subfield code="t">The Role of Credit in Rural Development.</subfield>
    <subfield code="t">Evolution and Growth of the Rural Credit Delivery System.</subfield>
    <subfield code="t">Credit Recycling and the Problem of Overdues.</subfield>
    <subfield code="t">Agricultural Credit Review Committee (ACRC), 1989.</subfield>
    <subfield code="t">Narasimham Committee, 1991, and Gupta Committee, 1998.</subfield>
    <subfield code="t">Rural Credit Agencies Analysed.</subfield>
    <subfield code="t">Rural Credit at the Cross-roads --</subfield>
    <subfield code="t">Analysis of Micro-finance Needs.</subfield>
    <subfield code="t">Credit Requirements of Tribal People.</subfield>
    <subfield code="t">Credit for the Rural Non-farm Sector.</subfield>
    <subfield code="t">Credit for Rural Women.</subfield>
    <subfield code="t">Credit for Micro-enterprise Development --</subfield>
    <subfield code="t">Role of Self-help Groups.</subfield>
    <subfield code="t">Self-help Concepts.</subfield>
    <subfield code="t">Self-help Groups in India - An Assessment.</subfield>
    <subfield code="t">The BAAC System in Thailand.</subfield>
    <subfield code="t">The Grameen Bank in Bangladesh.</subfield>
    <subfield code="t">Self-help Groups and Bank Linkages.</subfield>
    <subfield code="t">Basic Policy Issues on Self-help Groups --</subfield>
    <subfield code="t">Strategies for Sustainable Rural Credit Delivery.</subfield>
    <subfield code="t">Revival of the Rural Credit Delivery System in India.</subfield>
    <subfield code="t">Designing Appropriate Systems for Micro-enterprises.</subfield>
  </datafield>
  <datafield tag="650" ind1=" " ind2="0">
    <subfield code="a">Agricultural credit</subfield>
    <subfield code="z">India.</subfield>
    <subfield code="9">173333</subfield>
  </datafield>
  <datafield tag="650" ind1=" " ind2="0">
    <subfield code="a">Rural credit</subfield>
    <subfield code="z">India.</subfield>
    <subfield code="9">173334</subfield>
  </datafield>
  <datafield tag="650" ind1=" " ind2="0">
    <subfield code="a">Rural development</subfield>
    <subfield code="z">India.</subfield>
    <subfield code="9">170402</subfield>
  </datafield>
  <datafield tag="650" ind1=" " ind2="0">
    <subfield code="a">Self-help groups</subfield>
    <subfield code="z">India.</subfield>
    <subfield code="9">173335</subfield>
  </datafield>
  <datafield tag="650" ind1=" " ind2="0">
    <subfield code="a">Microfinance</subfield>
    <subfield code="z">India.</subfield>
    <subfield code="9">173336</subfield>
  </datafield>
  <datafield tag="942" ind1=" " ind2=" ">
    <subfield code="2">ddc</subfield>
    <subfield code="c">BK</subfield>
  </datafield>
  <datafield tag="949" ind1=" " ind2=" ">
    <subfield code="a">d</subfield>
    <subfield code="p">39080014603242</subfield>
  </datafield>
  <datafield tag="999" ind1=" " ind2=" ">
    <subfield code="c">58360</subfield>
    <subfield code="d">58360</subfield>
  </datafield>
  <datafield tag="952" ind1=" " ind2=" ">
    <subfield code="0">0</subfield>
    <subfield code="1">0</subfield>
    <subfield code="2">ddc</subfield>
    <subfield code="4">0</subfield>
    <subfield code="7">1</subfield>
    <subfield code="8">NFIC</subfield>
    <subfield code="a">RUCL</subfield>
    <subfield code="b">RUCL</subfield>
    <subfield code="c">Reading</subfield>
    <subfield code="d">2005-11-13</subfield>
    <subfield code="e">Paragogn Enterprise, Dhaka</subfield>
    <subfield code="g">680.00</subfield>
    <subfield code="l">0</subfield>
    <subfield code="o">332.710954 KAR 1999</subfield>
    <subfield code="r">2016-12-18 00:00:00</subfield>
    <subfield code="t">C-1</subfield>
    <subfield code="w">2016-12-18</subfield>
    <subfield code="y">BK</subfield>
  </datafield>
</record>
